Mouse mess / (Record no. 2293)

MARC details
000 -LEADER
fixed length control field 00844cam a2200289 a 4500
005 - DATE AND TIME OF LATEST TRANSACTION
control field 20231115113606.0
020 ## - INTERNATIONAL STANDARD BOOK NUMBER
International Standard Book Number 0590100483
020 ## - INTERNATIONAL STANDARD BOOK NUMBER
International Standard Book Number 9780590100502
040 ## - CATALOGING SOURCE
Original cataloging agency DLC
Transcribing agency DLC
Modifying agency DLC
Language of cataloging eng
050 00 - LIBRARY OF CONGRESS CALL NUMBER
Classification number PZ8.3.R457
Item number Mo 1997
082 00 - DEWEY DECIMAL CLASSIFICATION NUMBER
Classification number 514
Edition number 21
100 1# - MAIN ENTRY--PERSONAL NAME
Personal name Riley, Linnea
245 10 - TITLE STATEMENT
Title Mouse mess /
Statement of responsibility, etc. Linnea Riley.
250 ## - EDITION STATEMENT
Edition statement First Scholastic paperback printing, October 1998
260 ## - PUBLICATION, DISTRIBUTION, ETC.
Place of publication, distribution, etc. New York :
Name of publisher, distributor, etc. Scholastic,
Date of publication, distribution, etc. 1997
300 ## - PHYSICAL DESCRIPTION
Extent 27 unnumbered pages :
Other physical details illustrations
Dimensions 23 x 28 cm
505 ## - FORMATTED CONTENTS NOTE
Formatted contents note F
520 ## - SUMMARY, ETC.
Summary, etc. A hungry mouse leaves a huge mess when it goes in search of a snack.
521 ## - TARGET AUDIENCE NOTE
Target audience note 420
Source Lexile
521 ## - TARGET AUDIENCE NOTE
Target audience note F
Source Raz-Plus
650 #1 - SUBJECT ADDED ENTRY--TOPICAL TERM
Topical term or geographic name entry element Mice
General subdivision Fiction.
650 #1 - SUBJECT ADDED ENTRY--TOPICAL TERM
Topical term or geographic name entry element Food
General subdivision Fiction.
650 #1 - SUBJECT ADDED ENTRY--TOPICAL TERM
Topical term or geographic name entry element Stories in rhyme.
906 ## - LOCAL DATA ELEMENT F, LDF (RLIN)
a 7
b cbc
c orignew
d 1
e ocip
f 19
g y-gencatlg
942 ## - ADDED ENTRY ELEMENTS (KOHA)
Source of classification or shelving scheme Dewey Decimal Classification
Koha item type Books
Suppress in OPAC No
999 ## -
-- 2293
-- 2293
Holdings
Withdrawn status Lost status Source of classification or shelving scheme Damaged status Not for loan Collection Home library Current library Shelving location Date acquired Total Checkouts Full call number Barcode Date last seen Date last checked out Price effective from Koha item type Copy number
    Dewey Decimal Classification     Juvenile Fiction Footprints International School Library Network Toul Kork Campus Footprints International School Library Network Toul Kork Campus TK Primary Library Room(4th Floor), Bookcase 1&2, Shelves 1-16, Dark Blue Books 11/15/2023 10 RIL 514 PZ8.3.R457 FISBK02447 04/09/2026 04/02/2026 11/15/2023 Books  
    Dewey Decimal Classification     Juvenile Fiction Footprints International School Library Network Toul Kork Campus Footprints International School Library Network Toul Kork Campus TK Primary Library Room(4th Floor), Bookcase 1&2, Shelves 1-16, Dark Blue Books 10/23/2024 5 RIL 514 PZ8.3.R457 2024-2201 03/04/2026 02/25/2026 10/23/2024 Books 2